01298cam a2200169 i 4500020001800000041000900018082001900027100003200046245007000078260003400148300001700182504004100199520082700240546001301067650002501080650002301105 a9780367544072 aeng-00a364.168bGOT-C1 aGottschalk, Pettereauthor.10aConvenience dynamics and white-collar crime /cPetter Gottschalk. aNew York :bRoutledge,c2020. a280p. bill. aIncludes bibliographical references. a"This book introduces a dynamic perspective to study white-collar crime. It argues that as personal motives change over time, so too do organizational opportunities, and willingness for deviant behaviour. The work contends that the extent of white-collar crime is dependent on the extent of crime convenience perceived and preferred by potential offenders. It discusses how potential white-collar offenders expand organizational opportunities for financial crime over time. The dynamics are illustrated here by system dynamics models to capture cause and effect relationships. The book also presents a new structural model illustrating the elements of convenience theory along with a new dynamic model illustrating the evolution of white-collar crime. The practical aspects are illustrated with a number of case studies"-- aEnglish. 0aWhite collar crimes. 0aCriminal behavior.